[Event "Titled Tuesday intern op 20th July"]
[Site "Chess.com INT"]
[Date "2021.07.20"]
[Round "4"]
[White "Liyanage, Ranindu Dilshan"]
[Black "Liu, Aristo S"]
[Result "0-1"]
[WhiteElo "2203"]
[BlackElo "2085"]
[PlyCount "54"]
[EventDate "2021.07.20"]
[EventType "swiss (blitz)"]
[EventRounds "11"]
[EventCountry "USA"]
[SourceTitle "CBM 203 Extra"]
[Source "ChessBase"]
[SourceDate "2021.09.30"]
[SourceVersion "1"]
[SourceVersionDate "2021.09.30"]
[SourceQuality "1"]

1. e4 d6 2. d4 Nf6 3. Nc3 g6 4. f4 Bg7 5. Nf3 c5 6. dxc5 Qa5 7. cxd6 Nxe4 8. Bd2 Nxc3 9. bxc3 exd6 10. Qe2+ Be6 11. Qb5+ Qxb5 12. Bxb5+ Nc6 13. 0-0 0-0 14. Rab1 Bxa2 15. Rb2 Bd5 16. Bd3 b6 17. Rbb1 Na5 18. f5 Rac8 19. Nd4 Be5 20. Nb5 a6 21. Nd4 Nc4 22. Bxc4 Bxc4 23. Rfe1 b5 24. Nf3 Bf6 25. Nd4 Rfe8 26. Rf1 Bxf1 27. Kxf1 Bxd4 0-1

[Event "Titled Tuesday intern op 13th July"]
[Site "Chess.com INT"]
[Date "2021.07.13"]
[Round "7"]
[White "De Silva, LMST"]
[Black "Liu, Aristo S"]
[Result "0-1"]
[WhiteElo "2085"]
[BlackElo "2085"]
[PlyCount "48"]
[EventDate "2021.07.13"]
[EventType "swiss (blitz)"]
[EventRounds "11"]
[EventCountry "USA"]
[SourceTitle "CBM 203 Extra"]
[Source "ChessBase"]
[SourceDate "2021.09.30"]
[SourceVersion "1"]
[SourceVersionDate "2021.09.30"]
[SourceQuality "1"]

1. Nf3 Nf6 2. b3 g6 3. Bb2 Bg7 4. c4 0-0 5. g3 c6 6. Bg2 d5 7. 0-0 Bg4 8. cxd5 cxd5 9. d4 Nc6 10. Ne5 Bf5 11. Nc3 Rc8 12. Nxc6 Rxc6 13. f3 Bh6 14. e4 Be3+ 15. Kh1 dxe4 16. Nxe4 Qd5 17. Qe2 Nxe4 18. Qxe3 Nf6 19. Qxe7 Re8 20. Qb4 Re2 21. Rae1 Rxb2 22. Qxb7 Rxg2 23. Re5 Rxh2+ 24. Kg1 Qxd4+ 0-1

[Event "Titled Tuesday intern op 13th July"]
[Site "Chess.com INT"]
[Date "2021.07.13"]
[Round "4"]
[White "Ichimura G Barbosa, Larissa Yuki"]
[Black "Liu, Aristo S"]
[Result "0-1"]
[WhiteElo "2007"]
[BlackElo "2085"]
[PlyCount "76"]
[EventDate "2021.07.13"]
[EventType "swiss (blitz)"]
[EventRounds "11"]
[EventCountry "USA"]
[SourceTitle "CBM 203 Extra"]
[Source "ChessBase"]
[SourceDate "2021.09.30"]
[SourceVersion "1"]
[SourceVersionDate "2021.09.30"]
[SourceQuality "1"]

1. e4 Nf6 2. e5 Nd5 3. d4 d6 4. c4 Nb6 5. Nf3 g6 6. Nc3 Bg7 7. Bf4 0-0 8. h3 c5 9. exd6 exd6 10. dxc5 dxc5 11. Qxd8 Rxd8 12. Be2 Nc6 13. 0-0 Nd4 14. Rad1 Be6 15. Nxd4 cxd4 16. Nb5 Nxc4 17. Bxc4 Bxc4 18. Nd6 Bxf1 19. Kxf1 Rd7 20. Ke2 Rad8 21. Nc4 b5 22. Na5 d3+ 23. Kd2 Bxb2 24. Rb1 Bd4 25. Rxb5 Bxf2 26. Nc6 Rc8 27. Nb4 Re8 28. Re5 Rxe5 29. Bxe5 Bd4 30. Bf4 f6 31. Nxd3 Kf7 32. Kc2 Rb7 33. Bd2 Ke6 34. Nb4 h5 35. Kd3 Bc5 36. Nc6 Rd7+ 37. Kc2 Rd6 38. Na5 Rxd2+ 0-1

[Event "Titled Tuesday intern op 13th July"]
[Site "Chess.com INT"]
[Date "2021.07.13"]
[Round "9"]
[White "Liu, Aristo S"]
[Black "Musovic, Armin"]
[Result "0-1"]
[WhiteElo "2085"]
[BlackElo "2282"]
[PlyCount "74"]
[EventDate "2021.07.13"]
[EventType "swiss (blitz)"]
[EventRounds "11"]
[EventCountry "USA"]
[SourceTitle "CBM 203 Extra"]
[Source "ChessBase"]
[SourceDate "2021.09.30"]
[SourceVersion "1"]
[SourceVersionDate "2021.09.30"]
[SourceQuality "1"]

1. e4 c6 2. d4 d5 3. exd5 cxd5 4. c4 Nc6 5. cxd5 Qxd5 6. Nf3 e5 7. Nc3 Bb4 8. Bd2 Bxc3 9. Bxc3 e4 10. Ne5 Nxe5 11. dxe5 Ne7 12. Qa4+ Bd7 13. Qb4 a5 14. Qa3 Bc6 15. Rd1 Qe6 16. Rd6 Qf5 17. Be2 0-0 18. 0-0 Ng6 19. Qc5 Rac8 20. Rfd1 Nf4 21. Bf1 h5 22. Qe3 Ng6 23. e6 fxe6 24. Bc4 Nf4 25. Kh1 Bd5 26. Rd7 Rf7 27. Rxf7 Kxf7 28. Qg3 Qg4 29. Qxg4 hxg4 30. Bb5 Rh8 31. g3 e3+ 32. Rxd5 Nxd5 33. Bd4 exf2 34. Bxf2 Rc8 35. Bd3 Nb4 36. Be4 Nxa2 37. Bxb7 Rc2 0-1

[Event "Titled Tuesday intern op 13th July"]
[Site "Chess.com INT"]
[Date "2021.07.13"]
[Round "5"]
[White "Liu, Aristo S"]
[Black "Pham, Le Thao Nguyen"]
[Result "1-0"]
[WhiteElo "2085"]
[BlackElo "2369"]
[PlyCount "89"]
[EventDate "2021.07.13"]
[EventType "swiss (blitz)"]
[EventRounds "11"]
[EventCountry "USA"]
[SourceTitle "CBM 203 Extra"]
[Source "ChessBase"]
[SourceDate "2021.09.30"]
[SourceVersion "1"]
[SourceVersionDate "2021.09.30"]
[SourceQuality "1"]

1. e4 c6 2. d4 d5 3. exd5 cxd5 4. c4 e6 5. Nc3 Nf6 6. Nf3 Nc6 7. c5 Be7 8. Bb5 0-0 9. 0-0 Bd7 10. Bf4 Ne4 11. Re1 f5 12. Bxc6 bxc6 13. Ne5 Be8 14. f3 Nxc3 15. bxc3 g5 16. Bg3 f4 17. Bf2 Rf5 18. Rb1 Bf6 19. Ng4 Bg7 20. Rxe6 Bg6 21. Rb7 Qc8 22. Ree7 Rf7 23. Rxf7 Bxf7 24. Re7 Qd8 25. Re1 Rb8 26. Qa4 Qc7 27. h4 h6 28. hxg5 hxg5 29. Ne5 Be8 30. Qc2 Rb7 31. Qf5 Qd8 32. Qe6+ Kh7 33. Nxc6 Bxc6 34. Qxc6 Rb2 35. a4 Qa5 36. Qxd5 Qxc3 37. Qxg5 Rxf2 38. Qh4+ Kg6 39. Re6+ Kf7 40. Qe7+ Kg8 41. Qe8+ Kh7 42. Qh5+ Kg8 43. Re8+ Bf8 44. Qg6+ Kh8 45. Rxf8# 1-0

[Event "Titled Tuesday intern op 7th Januar"]
[Site "Chess.com INT"]
[Date "2020.01.07"]
[Round "1"]
[White "Lagarde, Maxime"]
[Black "Liu, Aristo S"]
[Result "1-0"]
[WhiteElo "2651"]
[BlackElo "2085"]
[PlyCount "61"]
[EventDate "2020.01.07"]
[EventType "swiss (blitz)"]
[EventRounds "10"]
[EventCountry "USA"]
[SourceTitle "EXT 2021"]
[Source "ChessBase"]
[SourceDate "2020.10.23"]
[SourceVersion "1"]
[SourceVersionDate "2020.10.23"]
[SourceQuality "1"]

1. b3 Nf6 2. Bb2 e6 3. e3 d5 4. f4 Be7 5. Nf3 c5 6. Bd3 Nc6 7. 0-0 0-0 8. Nc3 b6 9. Ne2 Bb7 10. Ng3 Nb4 11. Ne5 Nxd3 12. cxd3 d4 13. Qe2 Rc8 14. e4 Bd6 15. Nc4 Bb8 16. a4 Qe7 17. Rae1 Rfd8 18. b4 cxb4 19. e5 Nd5 20. f5 b3 21. Bxd4 Nb4 22. f6 Qf8 23. fxg7 Qe7 24. Nd6 Bxd6 25. exd6 Rxd6 26. Bf6 Qd7 27. Qh5 Rc5 28. Qh6 Rxd3 29. Ne4 Bxe4 30. Rxe4 Rxd2 31. Qxh7+ 1-0

[Event "Titled Tuesday intern op 5th Nov"]
[Site "Chess.com INT"]
[Date "2019.11.05"]
[Round "5"]
[White "Kiewra, Keaton F"]
[Black "Liu, Aristo S"]
[Result "1-0"]
[WhiteElo "2372"]
[BlackElo "2116"]
[PlyCount "65"]
[EventDate "2019.11.05"]
[EventType "swiss (blitz)"]
[EventRounds "10"]
[EventCountry "USA"]
[SourceTitle "EXT 2021"]
[Source "ChessBase"]
[SourceDate "2020.10.23"]
[SourceVersion "1"]
[SourceVersionDate "2020.10.23"]
[SourceQuality "1"]

1. d4 Nf6 2. Bg5 g6 3. Bxf6 exf6 4. e3 Bg7 5. g3 0-0 6. Bg2 d5 7. Ne2 c6 8. 0-0 f5 9. Nd2 Nd7 10. c4 Nf6 11. Rc1 Be6 12. Nf4 Ne4 13. cxd5 cxd5 14. Nxe4 fxe4 15. Qb3 Qd7 16. Rc3 Rac8 17. Rfc1 g5 18. Nxe6 fxe6 19. Bh3 Rc6 20. Qb5 Qf7 21. Qe2 Rfc8 22. Qg4 Rf8 23. Qe2 Qd7 24. Rxc6 bxc6 25. Qg4 Rf6 26. Qxg5 Qb7 27. b3 h6 28. Qh5 Qa6 29. Qe8+ Kh7 30. Bxe6 Qe2 31. Bg8+ Kh8 32. Bf7+ Kh7 33. Qg8# 1-0

[Event "Titled Tuesday intern op 5th Nov"]
[Site "Chess.com INT"]
[Date "2019.11.05"]
[Round "2"]
[White "Liu, Aristo S"]
[Black "Aditya, Mittal"]
[Result "0-1"]
[WhiteElo "2116"]
[BlackElo "2427"]
[PlyCount "60"]
[EventDate "2019.11.05"]
[EventType "swiss (blitz)"]
[EventRounds "10"]
[EventCountry "USA"]
[SourceTitle "EXT 2021"]
[Source "ChessBase"]
[SourceDate "2020.10.23"]
[SourceVersion "1"]
[SourceVersionDate "2020.10.23"]
[SourceQuality "1"]

1. b3 d5 2. Bb2 Nf6 3. Nf3 Bf5 4. e3 e6 5. Be2 h6 6. 0-0 Be7 7. c4 c6 8. Nc3 0-0 9. d4 Nbd7 10. Rc1 a6 11. Ne5 Nxe5 12. dxe5 Nd7 13. cxd5 cxd5 14. h3 Rc8 15. Qd2 b5 16. Rfd1 Nc5 17. Bf1 b4 18. Na4 Nxa4 19. bxa4 Qa5 20. Qe2 Qxa4 21. Qxa6 Qxa6 22. Bxa6 Rxc1 23. Rxc1 Ra8 24. Rc6 Bb1 25. Bd4 Bxa2 26. Rb6 Bc4 27. Bb7 Rb8 28. g4 b3 29. Kg2 Bd8 30. Rd6 Bc7 0-1

[Event "Belt and Road Hunan op-C"]
[Site "Changsha"]
[Date "2019.08.01"]
[Round "6"]
[White "Chua, Jia Tien"]
[Black "Liu, Aristo S"]
[Result "0-1"]
[WhiteElo "1769"]
[BlackElo "1992"]
[PlyCount "124"]
[EventDate "2019.07.29"]
[EventType "swiss"]
[EventRounds "9"]
[EventCountry "CHN"]
[SourceTitle "EXT 2020"]
[Source "ChessBase"]
[SourceDate "2019.10.17"]
[SourceVersion "1"]
[SourceVersionDate "2019.10.17"]
[SourceQuality "1"]

1. e4 Nf6 2. e5 Nd5 3. d4 d6 4. c4 Nb6 5. exd6 cxd6 6. Nc3 g6 7. Be3 Bg7 8. Be2 0-0 9. Nf3 Bg4 10. 0-0 Nc6 11. b3 d5 12. c5 Nc8 13. Rc1 e6 14. Qd2 N8e7 15. Ne1 Bxe2 16. Nxe2 Nf5 17. Nf3 h5 18. Rfd1 Rc8 19. a3 Na5 20. Qd3 Re8 21. Bd2 Nc6 22. Bc3 Nb8 23. b4 Nd7 24. a4 Nf6 25. Nd2 Bh6 26. Rc2 Ng4 27. Nf1 Bg5 28. h3 Nf6 29. Be1 h4 30. Nc3 Nh5 31. Bd2 Bf6 32. Be3 Nxe3 33. fxe3 Ng7 34. Nb5 Nf5 35. Nh2 a5 36. Rb2 Bg5 37. Ng4 axb4 38. Rxb4 b6 39. cxb6 Qxb6 40. Rdb1 Qa5 41. Kh2 Rc6 42. Ne5 Rb6 43. Nd7 Rb7 44. Nc5 Rbb8 45. e4 Bf4+ 46. Kh1 Ng3+ 47. Kg1 f5 48. e5 Re7 49. Qa3 Rc8 50. Nd3 Be3+ 51. Kh2 Rc2 52. R4b2 Rxb2 53. Rxb2 Re8 54. Nb4 Bc1 55. Nd6 Bxb2 56. Qxb2 Rb8 57. Qc1 Rxb4 58. Qc8+ Kg7 59. Qxe6 Qd8 60. Qf7+ Kh6 61. Ne8 Rb1 62. Qf8+ Kg5 0-1

[Event "Belt and Road Hunan op-C"]
[Site "Changsha"]
[Date "2019.07.31"]
[Round "4"]
[White "Zhong, Kangmin"]
[Black "Liu, Aristo S"]
[Result "1-0"]
[WhiteElo "1823"]
[BlackElo "1992"]
[PlyCount "87"]
[EventDate "2019.07.29"]
[EventType "swiss"]
[EventRounds "9"]
[EventCountry "CHN"]
[SourceTitle "EXT 2020"]
[Source "ChessBase"]
[SourceDate "2019.10.17"]
[SourceVersion "1"]
[SourceVersionDate "2019.10.17"]
[SourceQuality "1"]

1. d4 Nf6 2. Nf3 g6 3. c4 Bg7 4. Nc3 0-0 5. e4 d6 6. Be2 e5 7. 0-0 exd4 8. Nxd4 Re8 9. f3 Nc6 10. Nc2 Be6 11. Kh1 Ne7 12. Qe1 c6 13. Qh4 Nd7 14. Bg5 f6 15. Bh6 Qb6 16. Bxg7 Kxg7 17. b3 d5 18. Na4 Qa5 19. Nd4 Bf7 20. cxd5 cxd5 21. Bb5 Rad8 22. Qh3 Qc7 23. Rac1 Qd6 24. Bxd7 Qxd7 25. Qxd7 Rxd7 26. Nc5 Rd6 27. Nxb7 Ra6 28. Rc7 Kf8 29. h3 Bg8 30. a4 f5 31. e5 Rb6 32. Nd6 Ra8 33. Rfc1 Rb4 34. Rxe7 Rxd4 35. Rcc7 Rd1+ 36. Kh2 d4 37. Red7 Bxb3 38. Rxh7 Kg8 39. Rcg7+ Kf8 40. Rxg6 d3 41. Nxf5 d2 42. Rf6+ Ke8 43. Re7+ Kd8 44. Rf8# 1-0

[Event "Belt and Road Hunan op-C"]
[Site "Changsha"]
[Date "2019.07.30"]
[Round "3"]
[White "Liu, Aristo S"]
[Black "Zhou, Xin"]
[Result "1-0"]
[WhiteElo "1992"]
[BlackElo "1742"]
[PlyCount "133"]
[EventDate "2019.07.29"]
[EventType "swiss"]
[EventRounds "9"]
[EventCountry "CHN"]
[SourceTitle "EXT 2020"]
[Source "ChessBase"]
[SourceDate "2019.10.17"]
[SourceVersion "1"]
[SourceVersionDate "2019.10.17"]
[SourceQuality "1"]

1. e4 e6 2. d4 d5 3. exd5 exd5 4. c4 Nf6 5. Nc3 Be7 6. Bd3 dxc4 7. Bxc4 0-0 8. Nge2 b6 9. 0-0 Bb7 10. d5 a6 11. a4 Bd6 12. Ng3 Nbd7 13. Ba2 b5 14. axb5 axb5 15. Bg5 b4 16. Nce4 h6 17. Nxd6 cxd6 18. Bf4 Nc5 19. Nf5 b3 20. Bxd6 Nfe4 21. Be7 Qb6 22. Qd4 f6 23. Bxb3 Rxa1 24. Rxa1 Qxb3 25. Bxc5 Nxc5 26. Qxc5 Qxb2 27. Rf1 Rf7 28. Qd6 Kh7 29. Qe6 Rc7 30. Ne7 Rxe7 31. Qxe7 Bxd5 32. Re1 Qc2 33. Qe3 f5 34. f3 Bf7 35. h3 Qc4 36. Qe5 Bg6 37. Rd1 Qc8 38. Rd6 Qc1+ 39. Kh2 Qg5 40. f4 Qh5 41. Rd7 Bf7 42. Qe7 Kg8 43. Qd8+ Kh7 44. Qf8 Kg6 45. Qd8 Kh7 46. Qf8 Qh4 47. Qd6 Qh5 48. Qe7 Kg8 49. Rd6 Kh7 50. Qc7 Be8 51. Re6 Bf7 52. Re7 Kg8 53. Rd7 Qg6 54. Rd8+ Kh7 55. Qe5 Qh5 56. Qb8 Qe2 57. Rh8+ Kg6 58. Qd6+ Kh5 59. Qd7 Qe6 60. Qd3 g5 61. Rd8 Bg6 62. Rd6 Qf7 63. Qe2+ g4 64. hxg4+ fxg4 65. Qe5+ Qf5 66. Rd5 g3+ 67. Kxg3 1-0

[Event "Cardinal op"]
[Site "Columbus"]
[Date "2018.01.28"]
[Round "5"]
[White "Liu, Aristo S"]
[Black "Wang, Jason"]
[Result "1/2-1/2"]
[WhiteElo "2109"]
[BlackElo "2064"]
[PlyCount "60"]
[EventDate "2018.01.26"]
[EventType "swiss"]
[EventRounds "5"]
[EventCountry "USA"]
[SourceTitle "EXT 2023"]
[Source "ChessBase"]
[SourceDate "2022.10.05"]
[SourceVersion "1"]
[SourceVersionDate "2022.10.05"]
[SourceQuality "1"]

1. e4 c5 2. c3 d5 3. exd5 Qxd5 4. d4 Nf6 5. Nf3 e6 6. Na3 Nc6 7. Be3 cxd4 8. Nb5 Qd8 9. Nbxd4 Nd5 10. Bg5 f6 11. Bh4 Bc5 12. Bc4 0-0 13. 0-0 Kh8 14. Re1 Re8 15. Nxc6 bxc6 16. Ne5 Qc7 17. Qh5 Bb7 18. Bd3 f5 19. Bg3 Qc8 20. Nf7+ Kg8 21. Ng5 Nf6 22. Qf7+ Kh8 23. Rxe6 Rf8 24. Rxf6 Rxf7 25. Nxf7+ Kg8 26. Bc4 Ba6 27. Nh6+ Kh8 28. Nf7+ Kg8 29. Nd6+ Bxc4 30. Nf7 Ba6 1/2-1/2

[Event "Wch U14"]
[Site "Montevideo"]
[Date "2017.09.19"]
[Round "4"]
[White "Kumar, Nikhil"]
[Black "Liu, Aristo S"]
[Result "1-0"]
[WhiteElo "2317"]
[BlackElo "2126"]
[PlyCount "51"]
[EventDate "2017.09.17"]
[EventType "swiss"]
[EventRounds "11"]
[EventCountry "URU"]
[SourceTitle "CBM 180 Extra"]
[Source "ChessBase"]
[SourceDate "2017.10.06"]
[SourceVersion "1"]
[SourceVersionDate "2017.10.06"]
[SourceQuality "1"]

1. d4 Nf6 2. c4 g6 3. Nc3 Bg7 4. e4 d6 5. Be2 0-0 6. Nf3 e5 7. d5 a5 8. Bg5 h6 9. Be3 Ng4 10. Bc1 f5 11. exf5 gxf5 12. g3 Qf6 13. Nh4 Qf7 14. f3 Nf6 15. Be3 Nfd7 16. Qd2 f4 17. Bf2 Na6 18. 0-0-0 Ndc5 19. Rhg1 Nb4 20. Bxc5 dxc5 21. a3 Na6 22. Bd3 Rd8 23. Rde1 Bd7 24. Re2 c6 25. gxf4 exf4 26. Reg2 1-0

[Event "Wch U14"]
[Site "Montevideo"]
[Date "2017.09.18"]
[Round "2"]
[White "Wong Pages, Juan Diego"]
[Black "Liu, Aristo S"]
[Result "0-1"]
[WhiteElo "1728"]
[BlackElo "2126"]
[PlyCount "34"]
[EventDate "2017.09.17"]
[EventType "swiss"]
[EventRounds "11"]
[EventCountry "URU"]
[SourceTitle "CBM 180 Extra"]
[Source "ChessBase"]
[SourceDate "2017.10.06"]
[SourceVersion "1"]
[SourceVersionDate "2017.10.06"]
[SourceQuality "1"]

1. e4 e5 2. Nf3 Nf6 3. Nxe5 d6 4. Nf3 Nxe4 5. Nc3 Nxc3 6. dxc3 Be7 7. Be3 0-0 8. Qd2 Nc6 9. 0-0-0 Bf6 10. h4 Bg4 11. Bg5 h6 12. Bd3 Bxf3 13. gxf3 Re8 14. Bxh6 Ne5 15. Rdg1 Nxf3 16. Bxg7 Bxg7 17. Qh6 Re1+ 0-1

[Event "Columbus op"]
[Site "Columbus"]
[Date "2017.06.24"]
[Round "3"]
[White "Boor, Carl Brandon"]
[Black "Liu, Aristo S"]
[Result "0-1"]
[WhiteElo "2289"]
[BlackElo "1969"]
[PlyCount "68"]
[EventDate "2017.06.23"]
[EventType "swiss"]
[EventRounds "5"]
[EventCountry "USA"]
[SourceTitle "EXT 2023"]
[Source "ChessBase"]
[SourceDate "2022.10.05"]
[SourceVersion "1"]
[SourceVersionDate "2022.10.05"]
[SourceQuality "1"]

1. d4 Nf6 2. c4 g6 3. Nc3 Bg7 4. e4 d6 5. Bd3 0-0 6. Nge2 c5 7. d5 e6 8. 0-0 exd5 9. cxd5 a6 10. a4 Re8 11. h3 Nbd7 12. Ng3 Qc7 13. f4 c4 14. Bc2 Nc5 15. Qf3 Bd7 16. Kh1 b5 17. axb5 axb5 18. Rxa8 Rxa8 19. e5 dxe5 20. fxe5 Qxe5 21. Bf4 Qe8 22. Bg5 Ra6 23. Qf4 Qe7 24. Nce4 Ncxe4 25. Nxe4 Nxd5 26. Qb8+ Qe8 27. Qb7 Re6 28. Qxd5 Bc6 29. Qc5 Bxe4 30. Rd1 Bxc2 31. Rd8 Qxd8 32. Bxd8 Re1+ 33. Kh2 Be5+ 34. g3 Be4 0-1

[Event "PRO League Stage"]
[Site "Chess.com INT"]
[Date "2017.02.15"]
[Round "6"]
[White "Liu, Aristo S"]
[Black "Shen, Victor C"]
[Result "0-1"]
[WhiteElo "1969"]
[BlackElo "2406"]
[PlyCount "52"]
[EventDate "2017.01.11"]
[EventType "team-swiss (rapid)"]
[EventRounds "7"]
[EventCountry "USA"]
[SourceTitle "CBM 176 Extra"]
[Source "ChessBase"]
[SourceDate "2017.03.02"]
[SourceVersion "1"]
[SourceVersionDate "2017.03.02"]
[SourceQuality "1"]
[WhiteTeam "Columbus Cardinals"]
[BlackTeam "Montclair Sopranos"]
[WhiteTeamCountry "USA"]
[BlackTeamCountry "USA"]

1. e4 e5 2. Nf3 Nc6 3. d4 exd4 4. Nxd4 Bb4+ 5. Nc3 Nf6 6. Nxc6 bxc6 7. Bd3 0-0 8. 0-0 d5 9. exd5 cxd5 10. Bg5 c6 11. Qf3 Be7 12. h3 Rb8 13. b3 h6 14. Bf4 Bd6 15. Bxd6 Qxd6 16. Ne2 c5 17. Ng3 Rb4 18. Nf5 Bxf5 19. Bxf5 Rf4 20. Qd3 Qe5 21. g4 g6 22. Bxg6 c4 23. bxc4 dxc4 24. Bxf7+ Rxf7 25. Qg3 Ne4 26. Qg2 Rxf2 0-1

[Event "PRO League Stage"]
[Site "Chess.com INT"]
[Date "2017.02.11"]
[Round "5"]
[White "Adu, Oladapo"]
[Black "Liu, Aristo S"]
[Result "1-0"]
[WhiteElo "2288"]
[BlackElo "1969"]
[PlyCount "75"]
[EventDate "2017.01.11"]
[EventType "team-swiss (rapid)"]
[EventRounds "7"]
[EventCountry "USA"]
[SourceTitle "CBM 176 Extra"]
[Source "ChessBase"]
[SourceDate "2017.03.02"]
[SourceVersion "1"]
[SourceVersionDate "2017.03.02"]
[SourceQuality "1"]
[WhiteTeam "Abuja Rockstars"]
[BlackTeam "Columbus Cardinals"]
[WhiteTeamCountry "NGR"]
[BlackTeamCountry "USA"]

1. e4 e5 2. Nf3 Nc6 3. Bb5 a6 4. Ba4 Nf6 5. d3 b5 6. Bb3 Be7 7. c3 0-0 8. 0-0 Bb7 9. Re1 d6 10. Nbd2 Nb8 11. Nf1 Nbd7 12. Ng3 Re8 13. h3 h6 14. Nf5 Bf8 15. Bc2 Nc5 16. Nh2 Ne6 17. Qf3 c5 18. Nf1 Nd7 19. N1g3 Kh7 20. Ne3 Nf6 21. Bb3 g6 22. Bd2 Bg7 23. Rad1 Qd7 24. Bc1 Rac8 25. h4 h5 26. Nd5 Nxd5 27. exd5 Nc7 28. Ne4 Kg8 29. c4 Na8 30. Bg5 Nb6 31. Nf6+ Bxf6 32. Qxf6 Kh7 33. Re3 Rc7 34. Rf3 e4 35. dxe4 Rxe4 36. cxb5 axb5 37. Bc2 Rg4 38. Bh6 1-0